• 首页
  • 本馆介绍
  • 公告通知
  • 最新文献
  • 馆藏检索
  • 电子资源
  • 读者导购
  • 参考咨询
  • 我的图书馆
  • 登录
  • 详细信息显示
  • 放入我的书架
  • 预约/预借图书
  • 作者相关作品
  • 分类相关作品
  • 丛书相关作品
  • 出版社相关作品

书目信息

  • 表格格式
  • 工作单格式
  • 卡片格式
题名:
孟子
    
 
作者: 孟子 著 ;段雪莲 , 陈玉潇 译
分册:  
出版信息: 北京   北京联合出版公司  2015
页数: 158页
开本: 19cm
丛书名:
单 册:
中图分类: B222.54
科图分类:
主题词: 儒家
电子资源:
ISBN: 978-7-5502-4351-4
000 00900nam0 2200289 450
001 0103648077
005 20151216144604.0
010    @a978-7-5502-4351-4@dCNY12.00
100    @a20151022d2015 em y0chiy0120 ea
101 0  @achi
102    @aCN@b110000
105    @ay z 000yy
106    @ar
200 1  @a孟子@9Meng Zi @f(战国)孟子著@g段雪莲,陈玉潇译@b专著
210    @a北京@c北京联合出版公司@d2015
215    @a158页@d19cm
300    @a中华国学经典精粹 儒家经典
330    @a本书内容包括:梁惠王上、梁惠王下、公孙丑上、公孙丑下、滕文公上、滕文公下等,并附有注释和译文。
500 10 @a孟子@9meng zi
605    @a《孟子》@x译文
606 0  @a儒家
690    @aB222.54@v5
701  0 @c(战国)@a孟子@f(前372?~前289)@4著@9meng zi
702  0 @a段雪莲@4译@9duan xue lian
702  0 @a陈玉潇@4译@9chen yu xiao
801  0 @aCN@bAZmarc@c20230902
905    @aBZT@dB222.54@e13@f2@sB222.54/13
    
    孟子/(战国)孟子著/段雪莲,陈玉潇译.-北京:北京联合出版公司,2015
    158页;19cm
    中华国学经典精粹 儒家经典
    
    ISBN 978-7-5502-4351-4:CNY12.00
    本书内容包括:梁惠王上、梁惠王下、公孙丑上、公孙丑下、滕文公上、滕文公下等,并附有注释和译文。
●
相关链接 在五车中查询图书 在当当中查询图书 在豆瓣中查询图书


正题名:孟子     索取号:B222.54/13         预约/预借

序号 登录号 条形码 馆藏地/架位号 状态 备注
山东省滨州职业学院图书馆 欢迎您!
大连网信软件有限公司© 版权所有